000 00873am a2200313a 44500
003 AR-BaBNM
005 20251128210848.0
008 101020s2000 #AR|||||||||||000 | spa||
020 _a950-808-282-8
040 _cAR-BaBNM
245 1 0 _aGlobalización, integración, Mercosur y desarrollo local
260 _aRosario
_bHomo Sapiens Ediciones
_c2000
300 _a204 p.
490 0 _aEstudios Sociales
504 _aCada trabajo contiene bibliografía para consultar
650 4 _aCIENCIAS SOCIALES
650 4 _aTEORIA SOCIAL
650 4 _aREFORMA DEL ESTADO
650 4 _aFORMACION PROFESIONAL
651 4 _aBrasil
651 4 _aArgentina
651 4 _aAmérica Latina
653 _aMERCOSUR
653 _aGLOBALIZACION
700 1 _aFernández, Arturo
_ecompilador
700 1 _aGaveglio, Silvia
_ecompilador
942 _cBK
998 _cMariana
999 _c17212
_d17212